| 000 | 01841nam0a2200337 4500 | ||
|---|---|---|---|
| 001 | RU\NLR\bibl\496918 | ||
| 005 | 20260407084516.0 | ||
| 010 |
_a5-94087-124-0 _91500 |
||
| 021 |
_aRU _b2003-73787 _93654 |
||
| 035 | _a(NLR Aleph) 000489540 | ||
| 090 |
_a1104746 _c1104746 |
||
| 100 | _a20040303d2003 |||y0rusy50 ca | ||
| 101 | 0 | _arus | |
| 102 | _aRU | ||
| 105 | _aa ||||||||| | ||
| 200 | 1 |
_aПрактические занятия по курсу "Физиология человека и животных" _e[Учеб. пособие для студентов высш. и сред. спец. учеб. заведений] _fМ-во образования Рос. Федерации, Новосиб. гос. пед. ун-т _g[Авт.-сост. Айзман Р.И. - д.б.н., проф. и др.] _gПод общ. ред.: Засл. деят. науки РФ, д.б.н., проф. Р.И. Айзмана, к.б.н., доц. И.А. Дюкарева |
|
| 210 |
_aНовосибирск _cСиб. унив. изд-во _d2003 |
||
| 215 |
_a118, [1] с. _cил. _d26 |
||
| 320 | _aБиблиогр.: с. 113-115 | ||
| 517 | 0 | _aФизиология человека и животных | |
| 606 | 0 |
_aФизиология _jРуководства, пособия и т.п. _9893347 _3RU\NLR\auth\663241 |
|
| 606 | 0 |
_aФизиология _jУчебные издания _9893347 _3RU\NLR\auth\663241 |
|
| 686 | _aЕ903я7 | ||
| 702 | 1 |
_4220 _8rus _7ca _aАйзман _bР. И. _f1947- _gРоман Иделевич _3RU\NLR\auth\7742652 _925595 |
|
| 712 | 0 | 2 |
_4570 _aНовосибирский государственный педагогический университет _3RU\NLR\AUTH\8812496 _9297761 |
| 801 | 0 |
_aRU _bNLR _c20040303 _gPSBO |
|
| 801 | 1 |
_aRU _bNLR _c20040303 |
|
| 942 | _cBOOK | ||
| 980 | _aNB | ||